000 00480pab a2200181 454500
008 180718b2012 xxu||||| |||| 00| 0 eng d
100 _aYogesh Kumar
245 _aNREGA, Asset creation and positive discrimination: Evidence from Madhya Pradesh
260 _c2012
300 _ap.51-78.
362 _aDec
650 _aEmployment - India - Madhya Pradesh
650 _aEmployment
700 _aShah, D.C.
773 _aMan and Development
908 _aN
909 _a98638
999 _c98637
_d98637